Polska od A do Z - Statystyki

Ogólne statystyki
  • Ten quiz został rozwiązany 27 496 razy
    18 347 od ostatniego zresetowania
  • Średni wynik to 22 z 26
Statystyki odpowiedzi
Podpowiedź Odpowiedź % Poprawnych
A ____ Gdynia- polski klub piłkarski grający w I lidze Arka
97%
C Państwo sąsiadujące z Polską Czechy
97%
D Nazwisko prezydenta III RP Andrzej {Duda}
94%
F Imię polskiego znanego kompozytora tworzącego w XIX w. {Fryderyk} Chopin
94%
G Pierwsza historyczna stolica Polski Gniezno
93%
K Imię jedynego polskiego papieża {Karol} Wojtyła
93%
R Państwo sąsiadujące na północy od polski Rosja
92%
U ____ Europejska- gospodarczo-polityczny związek 28 demokratycznych państw europejskich. Polska wstąpiła do związku w 2004 roku. Unia
92%
M Największe województwo pod względem liczby ludności Mazowieckie
91%
N Najpopularniejsze nazwisko w Polsce Nowak
91%
O Najmniejsze województwo w Polsce Opolskie
91%
T Obszar, obejmujący trzy miasta: Gdynia, Gdańsk, Sopot Trójmiasto
91%
Ż Polskie piwo, z logotypem zwierzęcia. Żubr
91%
Ł Jedno z 16 województw Łódzkie
90%
P Polski kanał telewizyjny emitujące takie programy jak: "Dlaczego ja?", "Świat według Kiepskich", "Pierwsza miłość" Polsat
90%
Z Miasto, nazywane zimową stolicą Polski Zakopane
88%
E Największy rodzinny park rozrywki w Polsce, położony w Zatorze Energylandia
87%
L ____ Pank- polski zespół muzyczny założony w 1981 roku we Wrocławiu przez Jana Borysewicza i Andrzeja Mogielnickiego. Jedna z najpopularniejszych grup w historii polskiego rocka. Lady
86%
Ś Największe jezioro w Polsce Śniardwy
86%
I Imię polskiego chemika, polityka, w latach 1926–1939 prezydenta Rzeczypospolitej Polskiej. {Ignacy} Mościcki
84%
J Nazwisko polskiego polityka, który wprowadził w polsce stan wojenny Wojciech {Jaruzelski}
83%
W Rzeka, która ma ujście do Odry Warta
80%
S Łańcuch górski na obszarze południowo-zachodniej Polski Sudety
79%
H Najgłębsze jezioro w Polsce Hańcza
70%
B Nazwisko pierwszego Przewodniczącego Rady Państwa w PRL Bolesław {Bierut}
62%
Ć Miasto, znane z wyrobów porcelany. Ćmielów
39%
Nie znaleziono quizów pasujących do podanych kryteriów
Rozkład punktacji
Procent ludzi z każdym wynikiem
Percentyl według liczby udzielonych odpowiedzi
Twoja historia wyników
Nie rozwiązałeś tego quizu od ostatniego zresetowania